<?xml version="1.0" encoding="UTF-8"?><?xml-stylesheet type="text/xsl" href="static/style.xsl"?><OAI-PMH xmlns="http://www.openarchives.org/OAI/2.0/" xmlns:xsi="http://www.w3.org/2001/XMLSchema-instance" xsi:schemaLocation="http://www.openarchives.org/OAI/2.0/ http://www.openarchives.org/OAI/2.0/OAI-PMH.xsd"><responseDate>2026-04-17T00:51:23Z</responseDate><request verb="GetRecord" identifier="oai:www.recercat.cat:2117/394218" metadataPrefix="marc">https://recercat.cat/oai/request</request><GetRecord><record><header><identifier>oai:recercat.cat:2117/394218</identifier><datestamp>2026-01-15T05:05:25Z</datestamp><setSpec>com_2072_1033</setSpec><setSpec>col_2072_452950</setSpec></header><metadata><record xmlns="http://www.loc.gov/MARC21/slim" xmlns:dcterms="http://purl.org/dc/terms/" xmlns:xsi="http://www.w3.org/2001/XMLSchema-instance" xmlns:doc="http://www.lyncode.com/xoai" xsi:schemaLocation="http://www.loc.gov/MARC21/slim http://www.loc.gov/standards/marcxml/schema/MARC21slim.xsd">
   <leader>00925njm 22002777a 4500</leader>
   <datafield ind2=" " ind1=" " tag="042">
      <subfield code="a">dc</subfield>
   </datafield>
   <datafield ind2=" " ind1=" " tag="720">
      <subfield code="a">Abdul Ameer Abbas, Ali</subfield>
      <subfield code="e">author</subfield>
   </datafield>
   <datafield ind2=" " ind1=" " tag="720">
      <subfield code="a">Martínez García, Herminio</subfield>
      <subfield code="e">author</subfield>
   </datafield>
   <datafield ind2=" " ind1=" " tag="260">
      <subfield code="c">2023-06-20</subfield>
   </datafield>
   <datafield ind2=" " ind1=" " tag="520">
      <subfield code="a">Motor imagery-based brain–computer interfaces (MI-BCIs) are a promise to revolutionize the way humans interact with machinery or software, performing actions by just thinking about them. Patients suffering from critical movement disabilities, such as amyotrophic lateral sclerosis (ALS) or tetraplegia, could use this technology to interact more independently with their surroundings. This paper aims to aid communities affected by these disorders with the development of a method that is capable of detecting the intention to execute movements in the upper extremities of the body. This will be done through signals acquired with an electroencephalogram (EEG), their conditioning and processing, and their subsequent classification with artificial intelligence models. In addition, a digital signal filter will be designed to keep the most characteristic frequency bands of each individual and increase accuracy significantly. After extracting discriminative statistical, frequential, and spatial features, it was possible to obtain an 88% accuracy on validation data with a random forest (RF) model when it came to detecting whether a participant was imagining a left-hand or a right-hand movement. Furthermore, a convolutional neural network (CNN) was used to distinguish if the participant was imagining a movement or not, which achieved 78% accuracy and 90% precision. These results will be verified by implementing a real-time simulation with the usage of a robotic arm.</subfield>
   </datafield>
   <datafield ind2=" " ind1=" " tag="520">
      <subfield code="a">Peer Reviewed</subfield>
   </datafield>
   <datafield ind2=" " ind1=" " tag="520">
      <subfield code="a">Postprint (author's final draft)</subfield>
   </datafield>
   <datafield tag="653" ind2=" " ind1=" ">
      <subfield code="a">Àrees temàtiques de la UPC::Enginyeria electrònica</subfield>
   </datafield>
   <datafield tag="653" ind2=" " ind1=" ">
      <subfield code="a">Brain-computer interfaces</subfield>
   </datafield>
   <datafield tag="653" ind2=" " ind1=" ">
      <subfield code="a">Motor imagery-based brain–computer interface (MI-BCI)</subfield>
   </datafield>
   <datafield tag="653" ind2=" " ind1=" ">
      <subfield code="a">Event-related desynchronization and synchronization (ERD/ERS)</subfield>
   </datafield>
   <datafield tag="653" ind2=" " ind1=" ">
      <subfield code="a">Finite impulse response (FIR)</subfield>
   </datafield>
   <datafield tag="653" ind2=" " ind1=" ">
      <subfield code="a">Common spatial patterns (CSP)</subfield>
   </datafield>
   <datafield tag="653" ind2=" " ind1=" ">
      <subfield code="a">Short-time Fourier transform (STFT)</subfield>
   </datafield>
   <datafield tag="653" ind2=" " ind1=" ">
      <subfield code="a">Real-time systems</subfield>
   </datafield>
   <datafield tag="653" ind2=" " ind1=" ">
      <subfield code="a">Interfícies cervell-ordinador</subfield>
   </datafield>
   <datafield ind2="0" ind1="0" tag="245">
      <subfield code="a">Real-time motor imagery-based brain–computer interface system by implementing a frequency band selection</subfield>
   </datafield>
</record></metadata></record></GetRecord></OAI-PMH>